Be true to your future : Achieve career success and personal fulfillment
| Main Author: | |
|---|---|
| Format: | Book |
| Published: |
California :
Crisp Publisation ,
1988
|
| Subjects: |
MARC
| LEADER | 00000cam a2200000 7i4500 | ||
|---|---|---|---|
| 001 | 0000005916 | ||
| 002 | 000006391 | ||
| 005 | 20000330.0 | ||
| 020 | |a 09319614754 | ||
| 090 | 0 | 0 | |a 158.1 |b CHA |
| 100 | 1 | |a Chapman, Elwood N. | |
| 245 | 1 | 0 | |a Be true to your future : |b Achieve career success and personal fulfillment |c Elwood N.Chapman |
| 260 | |a California : |b Crisp Publisation , |c 1988 | ||
| 300 | |a 222p. ; |c 26cm. | ||
| 650 | 0 | 0 | |a Personal fulfillment |x Success |
| 999 | |a 034008 |b BUKU |c PINJAMAN |e PERPUSTAKAAN KOMUNITI PETALING JAYA | ||